000 00304nam a22001337a 4500
008 171107b xxu||||| |||| 00| 0 eng d
020 _a9780072397864
041 _aeng
080 _29 ED
_a330.722.6
100 _a61
101 _aKON
245 _aMANAGERIAL ACCOUTING
_cGARRISON.N
942 _2udc
_cBK
999 _c38118
_d38118